Sports Mangement / (Record no. 37784)

MARC details
000 -LEADER
fixed length control field 00666nam a22002057a 4500
005 - DATE AND TIME OF LATEST TRANSACTION
control field 2010072600250.0
010 ## - LCCN (DPL NO)
LC control number ENG-96968
020 ## - INTERNATIONAL STANDARD BOOK NUMBER
International Standard Book Number 8175245921
Terms of availability 700.00
020 ## - INTERNATIONAL STANDARD BOOK NUMBER
International Standard Book Number 9788175245921
Terms of availability 700.00
035 ## - SYSTEM CONTROL NUMBER
System control number EN-80501
037 ## - SOURCE OF ACQUISITION
Source of stock number/acquisition DBAD/PUB
082 ## - DEWEY DECIMAL CLASSIFICATION NUMBER
Classification number 796.609
100 ## - MAIN ENTRY--PERSONAL NAME
Personal name Solanki, Vivek
245 ## - TITLE STATEMENT
Title Sports Mangement /
Statement of responsibility, etc by Vivek Solanki
260 ## - PUBLICATION, DISTRIBUTION, ETC. (IMPRINT)
Place of publication, distribution, etc New Delhi
Name of publisher, distributor, etc Khel Sahitya Kendra
Date of publication, distribution, etc 2010
270 ## - ADDRESS
Address 7/26, Anasari Road, Darya Gang
City New Delhi
Postal code 1100035
300 ## - PHYSICAL DESCRIPTION
Extent 301p.
Dimensions 22cm (Hb)
942 ## - ADDED ENTRY ELEMENTS (KOHA)
Source of classification or shelving scheme Dewey Decimal Classification
Item type English Books
Classification part 796.609
Call number suffix SOL
Holdings
Withdrawn status Lost status Not for loan Collection code Home library Current library Date acquired Source of acquisition Cost, normal purchase price Barcode Copy number Cost, replacement price Koha item type
    Not For Loan Non-fiction D.B.Act.Division D.B.Act.Division 26/07/2010 DBAD/PUB 700.00 EN-80501 1 700.00 English Books

© Delhi Public Library
Hit Counter
free hit counter